000 005040000a22001810004500
041 0 _aENG
082 0 4 _aG 171.1 G4641m
100 1 _aGilbert, Dan
245 1 0 _aA manifiesto of christian youht / Dan Gilbert
260 _aSan Diego, CA., USA : Danielle
300 _a138 Pag.
650 1 4 _aJUVENTUD CRISTIANA - VIDA RELIGIOSA \ SOCIOLOGIA CRISTIANA
001 1143
942 _cBK
999 _c32480
_d32480
336 _atexto
_btxt
_2rdacontent
337 _2rdamedia
_asin mediación
_bn
338 _2rdacarrier
_avolumen
_bnc